Historia de América

שמור ב:
מידע ביבליוגרפי
מחבר ראשי: Barros Arana, Diego Jacinto Agustín (Author)
פורמט: ספר
שפה:ספרדית
יצא לאור: Santiago Cervantes 1908
מהדורה:2a. ed
סדרה:Obras Completas de Barros Arana, I y II
נושאים:
תגים: הוספת תג
אין תגיות, היה/י הראשונ/ה לתייג את הרשומה!

MARC

LEADER 00000nam a2200000 a 4500
001 UCJ7898
003 CL-VaPUC
008 070124e19080000CL |||||||||||||||||spa|d
082 0 4 |a 983  |b BAR  |2 21 
100 0 |a Barros Arana, Diego Jacinto Agustín  |e author  |9 516398 
245 1 0 |a Historia de América 
250 |a 2a. ed 
300 |a 2 v 
942 |c BK 
945 |d 20070124 00:00:00  |a rinostro 
260 |a Santiago  |b Cervantes  |c 1908 
500 |a Front., v. 1, Retrato de Barros Arana.- Se encuentra en la Sala Guimpert, Estante 2 
650 0 |a Historia de América  |9 266076 
650 0 |a Descubrimientos geográficos  |9 331933 
650 0 |a Viajes  |9 257115 
650 0 |a Colonización española  |9 256592 
650 7 |a COLONIZACION PORTUGUESA  |2 CL-VaPUC  |9 403685 
650 7 |a COLONIALISMO INGLES  |2 CL-VaPUC  |9 507148 
650 0 |a Aborígenes  |9 329972 
650 0 |a Aztecas  |9 265930 
650 7 |a INCAS  |2 CL-VaPUC  |9 256565 
650 0 |a Esclavos  |9 258558 
650 7 |a EVANGELIZACION  |2 CL-VaPUC  |9 516399 
583 |a last modification  |c 20190729 02:22:23  |k Rodrigo Vera 
490 0 |a Obras Completas de Barros Arana, I y II 
999 |c 323762  |d 323760 
952 |0 0  |1 0  |4 0  |6 983_000000000000000_BAR_1908  |7 0  |8 X  |9 403556  |a FDOBUD  |b FDOBUD  |d 2019-11-22  |h v.1  |i 1019481  |o 983 BAR 1908  |p 1019481  |r 2019-11-22  |w 2019-11-22  |y BK_X  |k BUD 
952 |0 0  |1 0  |4 0  |6 983_000000000000000_BAR_1908  |7 0  |8 X  |9 403557  |a FDOBUD  |b FDOBUD  |d 2019-11-22  |h v.2  |i 101949K  |o 983 BAR 1908  |p 101949K  |r 2019-11-22  |w 2019-11-22  |y BK_X  |k BUD